<?xml version="1.0" encoding="UTF-8"?>
<collection xmlns="http://www.loc.gov/MARC21/slim">
 <record>
  <leader>03969cam a2200589   4500</leader>
  <controlfield tag="001">113083767X</controlfield>
  <controlfield tag="003">DE-627</controlfield>
  <controlfield tag="005">20240319184107.0</controlfield>
  <controlfield tag="007">tu</controlfield>
  <controlfield tag="008">970819s1997    xx |||||      00| ||ger c</controlfield>
  <datafield tag="015" ind1=" " ind2=" ">
   <subfield code="a">97,N30,0617</subfield>
   <subfield code="2">dnb</subfield>
  </datafield>
  <datafield tag="016" ind1="7" ind2=" ">
   <subfield code="a">950767107</subfield>
   <subfield code="2">DE-101</subfield>
  </datafield>
  <datafield tag="020" ind1=" " ind2=" ">
   <subfield code="a">3894452072</subfield>
   <subfield code="9">3-89445-207-2</subfield>
  </datafield>
  <datafield tag="035" ind1=" " ind2=" ">
   <subfield code="a">(DE-627)113083767X</subfield>
  </datafield>
  <datafield tag="035" ind1=" " ind2=" ">
   <subfield code="a">(DE-576)060837675</subfield>
  </datafield>
  <datafield tag="035" ind1=" " ind2=" ">
   <subfield code="a">(DE-599)DNB950767107</subfield>
  </datafield>
  <datafield tag="035" ind1=" " ind2=" ">
   <subfield code="a">(OCoLC)312957671</subfield>
  </datafield>
  <datafield tag="040" ind1=" " ind2=" ">
   <subfield code="a">DE-627</subfield>
   <subfield code="b">ger</subfield>
   <subfield code="c">DE-627</subfield>
   <subfield code="e">rakwb</subfield>
  </datafield>
  <datafield tag="041" ind1=" " ind2=" ">
   <subfield code="a">ger</subfield>
  </datafield>
  <datafield tag="084" ind1=" " ind2=" ">
   <subfield code="a">9,10</subfield>
   <subfield code="2">ssgn</subfield>
  </datafield>
  <datafield tag="084" ind1=" " ind2=" ">
   <subfield code="a">LK 79750</subfield>
   <subfield code="2">rvk</subfield>
   <subfield code="0">(DE-625)rvk/98296:154</subfield>
  </datafield>
  <datafield tag="084" ind1=" " ind2=" ">
   <subfield code="a">LK 79752</subfield>
   <subfield code="2">rvk</subfield>
   <subfield code="0">(DE-625)rvk/98296:156</subfield>
  </datafield>
  <datafield tag="084" ind1=" " ind2=" ">
   <subfield code="a">NR 4970</subfield>
   <subfield code="2">rvk</subfield>
   <subfield code="0">(DE-625)rvk/129403:</subfield>
  </datafield>
  <datafield tag="084" ind1=" " ind2=" ">
   <subfield code="a">15.51</subfield>
   <subfield code="2">bkl</subfield>
  </datafield>
  <datafield tag="245" ind1="1" ind2="0">
   <subfield code="a">Rathäuser im Spätmittelalter und in der frühen Neuzeit</subfield>
   <subfield code="b">... Symposion ... vom 17. bis 20. November 1994 in Höxter</subfield>
   <subfield code="c">... in Zusammenarbeit mit der Stadt Höxter</subfield>
  </datafield>
  <datafield tag="263" ind1=" " ind2=" ">
   <subfield code="a">Pb. : DM 38.00, sfr 35.00, S 277.00</subfield>
  </datafield>
  <datafield tag="264" ind1=" " ind2="1">
   <subfield code="a">Marburg</subfield>
   <subfield code="b">Jonas-Verl.</subfield>
   <subfield code="c">1997</subfield>
  </datafield>
  <datafield tag="300" ind1=" " ind2=" ">
   <subfield code="a">160 S.</subfield>
   <subfield code="b">Ill.</subfield>
  </datafield>
  <datafield tag="336" ind1=" " ind2=" ">
   <subfield code="a">Text</subfield>
   <subfield code="b">txt</subfield>
   <subfield code="2">rdacontent</subfield>
  </datafield>
  <datafield tag="337" ind1=" " ind2=" ">
   <subfield code="a">ohne Hilfsmittel zu benutzen</subfield>
   <subfield code="b">n</subfield>
   <subfield code="2">rdamedia</subfield>
  </datafield>
  <datafield tag="338" ind1=" " ind2=" ">
   <subfield code="a">Band</subfield>
   <subfield code="b">nc</subfield>
   <subfield code="2">rdacarrier</subfield>
  </datafield>
  <datafield tag="490" ind1="1" ind2=" ">
   <subfield code="a">Beiträge zum ... Symposion des Weserrenaissance-Museums Schloß Brake</subfield>
   <subfield code="v">6</subfield>
  </datafield>
  <datafield tag="490" ind1="1" ind2=" ">
   <subfield code="a">Materialien zur Kunst- und Kulturgeschichte in Nord- und Westdeutschland</subfield>
   <subfield code="v">21</subfield>
  </datafield>
  <datafield tag="583" ind1="1" ind2=" ">
   <subfield code="a">Archivierung/Langzeitarchivierung gewährleistet</subfield>
   <subfield code="f">SSG</subfield>
   <subfield code="x">XA-DE-BW</subfield>
   <subfield code="2">pdager</subfield>
   <subfield code="5">DE-16</subfield>
  </datafield>
  <datafield tag="655" ind1=" " ind2="7">
   <subfield code="a">Konferenzschrift</subfield>
   <subfield code="y">1994</subfield>
   <subfield code="z">Höxter</subfield>
   <subfield code="0">(DE-588)1071861417</subfield>
   <subfield code="0">(DE-627)826484824</subfield>
   <subfield code="0">(DE-576)433375485</subfield>
   <subfield code="2">gnd-content</subfield>
  </datafield>
  <datafield tag="689" ind1="0" ind2="0">
   <subfield code="d">s</subfield>
   <subfield code="0">(DE-588)4176999-5</subfield>
   <subfield code="0">(DE-627)105351946</subfield>
   <subfield code="0">(DE-576)20997446X</subfield>
   <subfield code="a">Rathaus</subfield>
   <subfield code="2">gnd</subfield>
  </datafield>
  <datafield tag="689" ind1="0" ind2="1">
   <subfield code="a">z</subfield>
   <subfield code="2">gnd</subfield>
   <subfield code="a">Geschichte 1230-1650</subfield>
  </datafield>
  <datafield tag="689" ind1="0" ind2=" ">
   <subfield code="5">(DE-627)</subfield>
  </datafield>
  <datafield tag="710" ind1="2" ind2=" ">
   <subfield code="a">Höxter</subfield>
   <subfield code="0">(DE-588)4025451-3</subfield>
   <subfield code="0">(DE-627)106293419</subfield>
   <subfield code="0">(DE-576)20896083X</subfield>
   <subfield code="4">oth</subfield>
  </datafield>
  <datafield tag="787" ind1="0" ind2="8">
   <subfield code="i">Rezensiert in</subfield>
   <subfield code="a">Cremer, Folkhard, 1961 - </subfield>
   <subfield code="t">[Rezension von: Rathäuser im Spätmittelalter und in der Frühen Neuzeit]</subfield>
   <subfield code="d">Regensburg : Schnell und Steiner, 1998</subfield>
   <subfield code="w">(DE-627)1549896962</subfield>
   <subfield code="w">(DE-576)479896968</subfield>
  </datafield>
  <datafield tag="810" ind1="2" ind2=" ">
   <subfield code="a">Weserrenaissance-Museum Schloss Brake</subfield>
   <subfield code="t">Beiträge zum ... Symposion des Weserrenaissance-Museums Schloß Brake</subfield>
   <subfield code="v">6</subfield>
   <subfield code="9">6</subfield>
   <subfield code="w">(DE-627)1125246472</subfield>
   <subfield code="w">(DE-576)055246478</subfield>
   <subfield code="7">ns</subfield>
  </datafield>
  <datafield tag="830" ind1=" " ind2="0">
   <subfield code="a">Materialien zur Kunst- und Kulturgeschichte in Nord- und Westdeutschland</subfield>
   <subfield code="v">21</subfield>
   <subfield code="9">21</subfield>
   <subfield code="w">(DE-627)319938689</subfield>
   <subfield code="w">(DE-576)02442353X</subfield>
   <subfield code="w">(DE-600)1185636-1</subfield>
   <subfield code="x">0939-9453</subfield>
   <subfield code="7">ns</subfield>
  </datafield>
  <datafield tag="856" ind1="4" ind2="2">
   <subfield code="u">https://swbplus.bsz-bw.de/bsz060837675inh.htm</subfield>
   <subfield code="m">B:DE-576;DE-16</subfield>
   <subfield code="q">application/pdf</subfield>
   <subfield code="v">20090812203216</subfield>
   <subfield code="x">Verlag</subfield>
   <subfield code="3">Inhaltsverzeichnis</subfield>
  </datafield>
  <datafield tag="936" ind1="r" ind2="v">
   <subfield code="a">LK 79750</subfield>
   <subfield code="b">allgemein</subfield>
   <subfield code="k">Kunstgeschichte</subfield>
   <subfield code="k">Kunst nach Ländern bzw. Kontinenten</subfield>
   <subfield code="k">Deutschland</subfield>
   <subfield code="k">Deutsche Kunstgeschichte nach Gattungen</subfield>
   <subfield code="k">Architektur</subfield>
   <subfield code="k">Ordnung nach Aufgaben</subfield>
   <subfield code="k">Öffentliche Bauten (Brücken, Brunnen, Rathäuser, Parlamente, Bauten für Erziehung, Wissenschaft und Kunst etc.)</subfield>
   <subfield code="k">allgemein</subfield>
   <subfield code="0">(DE-627)1270641905</subfield>
   <subfield code="0">(DE-625)rvk/98296:154</subfield>
   <subfield code="0">(DE-576)200641905</subfield>
  </datafield>
  <datafield tag="936" ind1="r" ind2="v">
   <subfield code="a">LK 79752</subfield>
   <subfield code="b">Mittelalter (-1500)</subfield>
   <subfield code="k">Kunstgeschichte</subfield>
   <subfield code="k">Kunst nach Ländern bzw. Kontinenten</subfield>
   <subfield code="k">Deutschland</subfield>
   <subfield code="k">Deutsche Kunstgeschichte nach Gattungen</subfield>
   <subfield code="k">Architektur</subfield>
   <subfield code="k">Ordnung nach Aufgaben</subfield>
   <subfield code="k">Öffentliche Bauten (Brücken, Brunnen, Rathäuser, Parlamente, Bauten für Erziehung, Wissenschaft und Kunst etc.)</subfield>
   <subfield code="k">Mittelalter (-1500)</subfield>
   <subfield code="0">(DE-627)1272102483</subfield>
   <subfield code="0">(DE-625)rvk/98296:156</subfield>
   <subfield code="0">(DE-576)202102483</subfield>
  </datafield>
  <datafield tag="936" ind1="r" ind2="v">
   <subfield code="a">NR 4970</subfield>
   <subfield code="b">Einzelbeiträge</subfield>
   <subfield code="k">Geschichte</subfield>
   <subfield code="k">Landes- und Stadtgeschichte (Allgemeine, Deutsche und Österreichische Landes- und Stadtgeschichte, Ausländische Stadtgeschichte, Geschichte der Auslanddeutschen)</subfield>
   <subfield code="k">Deutsche Landesgeschichte im Einzelnen (einschl. ehemaliger deutscher Gebiete)</subfield>
   <subfield code="k">Niedersachsen</subfield>
   <subfield code="k">Einzelbeiträge</subfield>
   <subfield code="0">(DE-627)1270879618</subfield>
   <subfield code="0">(DE-625)rvk/129403:</subfield>
   <subfield code="0">(DE-576)200879618</subfield>
  </datafield>
  <datafield tag="936" ind1="b" ind2="k">
   <subfield code="a">15.51</subfield>
   <subfield code="j">Niedersachsen</subfield>
   <subfield code="j">Bremen</subfield>
   <subfield code="x">Geschichte</subfield>
   <subfield code="q">coli-conc RVK-&gt;BK</subfield>
   <subfield code="q">https://coli-conc.gbv.de/api/mappings/5e63d984-b1f2-4cb5-ac9a-f59d8fc86b4e</subfield>
   <subfield code="0">(DE-627)181571579</subfield>
  </datafield>
  <datafield tag="951" ind1=" " ind2=" ">
   <subfield code="a">BO</subfield>
  </datafield>
  <datafield tag="990" ind1=" " ind2=" ">
   <subfield code="a">Rathaus</subfield>
  </datafield>
  <datafield tag="990" ind1=" " ind2=" ">
   <subfield code="a">Geschichte 1230-1650</subfield>
  </datafield>
  <datafield tag="991" ind1=" " ind2=" ">
   <subfield code="a">Rezensiertes Werk</subfield>
  </datafield>
  <datafield tag="999" ind1=" " ind2=" ">
   <subfield code="a">KXP-PPN113083767X</subfield>
   <subfield code="e">400839740X</subfield>
  </datafield>
 </record>
</collection>
